000 00348nam a2200133Ia 4500
008 240116s9999 xx 000 0 und d
082 _a346.8043445491
_bPAK-S
100 _aPakistan law house
245 0 _aSindh Rented Premisies Ordinance, 1979
260 _aPakistan
_bPakistan law house
_c2021
300 _a241
650 _aLaw
999 _c35007
_d35007